00255nam a2200109Ia 4500008004100000041001200041082001100053100001400064245005500078260000600133650000600139221030s9999 xx 000 0 und d aEnglish a105.23 aC. Ghezzi 0aFundamentals of Software Engineeringcby C. Ghezzi c0 aB